| 000 | 01383nam a22003377a 4500 | ||
|---|---|---|---|
| 003 | EG-ScBUE | ||
| 005 | 20211010124516.0 | ||
| 008 | 211010s2002 ua f 000 j ara d | ||
| 017 | _a2001/16796 | ||
| 020 | _a9775938961 | ||
| 040 |
_aEG-ScBUE _bara _erda _cEG-ScBUE _dEG-ScBUE |
||
| 041 | 1 |
_aara _hjpn |
|
| 082 | 0 | 4 |
_a895.635 _bش و و _222 |
| 100 | 1 |
_aياسو أوكا، شووتارووه، _d1920- _eمؤلف. |
|
| 240 | 1 | 0 |
_aMoth. _lArabic |
| 245 | 1 | 2 |
_aالبشارة : _bدين إين تشووفو / _cقصة من تأليف الروائي الياباني ياسو أوكا شووتارووه ؛ ترجمة من اليابانية إلى العربية د. أحمد فتحي. |
| 250 | _aالطبعة الأولى. | ||
| 264 | 1 |
_aالقاهرة : _bميريت للنشر والمعلومات، _c2002. |
|
| 300 |
_a222 صفحة ؛ _c18 سم. |
||
| 336 |
_2rdacontent _aنص _btxt |
||
| 337 |
_2rdamedia _aبدون وسيط _bn |
||
| 338 |
_2rdacarrier _aمجلد _bnc |
||
| 490 | 0 | _aتجليات أدبية | |
| 541 |
_cDonation ; _aJapan Foundation. |
||
| 546 | _aالنص باللغة العربية وتم ترجمته من اللغة اليابانية. | ||
| 650 | 7 |
_aالقصص القصيرة اليابانية. _2BU|Esh |
|
| 653 |
_bGGEN _cOctober2021 |
||
| 655 |
_vReading book _934232 |
||
| 700 | 1 |
_aفتحي، أحمد، _eمترجم. |
|
| 942 | _2ddc | ||
| 999 |
_c29566 _d29537 |
||